| 000 | 00345nam a2200145Ia 4500 | ||
|---|---|---|---|
| 008 | 150201s1985 xx 000 0 und d | ||
| 082 |
_a611 _bS85W |
||
| 100 | _aWINWOOD, R.S. | ||
| 245 | _aSEARS'S ANATOMY & PHYSIOLOGY FOR NURSES | ||
| 250 | _a6TH | ||
| 260 |
_bJAYPEE _aDELHI _c1985 |
||
| 300 | _a311 | ||
| 650 | _aANATOMY | ||
| 942 |
_2ddc _cBK _05 |
||
| 999 |
_c2406 _d2406 |
||